MARC

LEADER 00000cam a2200000 7i4500
001 0000025033
005 20131120.0
008 131114 my a may
040 |a INS 
090 0 0 |a VO223 
110 1 |a Kursus penilaian harta tanah khas : Kuari ,   |d 2012 1 - 4 Oktober   |c INSPEN, Bangi 
245 0 0 |a Kursus penilaian harta tanah khas : Kuari :   |b 1 - 4 Oktober 2012   |c Anjuran Pusat Penilaian dan Perkhidmatan Harta, INSPEN 
260 |a Bangi :   |b Institut Penilaian Negara ,   |c 2012 
300 |a 1v. (Various pagings) :   |b map., pic., ill. ;   |c 30 cm. 
650 0 |a Real property   |x Valuation 
650 0 |a Valuation 
710 1 |a INSPEN ( Institut Penilaian Negara ) 
856 |u http://app.inspen.gov.my:7779/pls/portal/docs/PAGE/CORPORATEPAGES/PORTAL_INSPEN/NOTA_KURSUS/VO/KURSUS%20PENILAIAN%20HARTA%20TANAH%20KHAS%20KUARI%200104102012.PDF 
999 |a VO00000529   |b BOOK   |c Course Notes   |e Default branch 
999 |a VO00000530   |b BOOK   |c Course Notes   |e Default branch 
999 |a VO00000629   |b BOOK   |c Course Notes   |e Default branch